La clínica y el laboratorio : (Registro nro. 21777)

Detalles MARC
000 -Cabecera
Campo de control interno 00876nam a2200229Ia 4500
005 - Fecha y hora del registro
control field 20260407143541.0
008 - Elementos de Longitud Fija
fixed length control field 260320s9999||||xx |||||||||||||| ||und||
041 ## - Idioma
Codigo Idioma ESP
082 ## - DEWEY y NOTACIÓN INTERNA
Dewey 616.0756
Notación Interna B17
100 ## - AUTOR
Autor denominación Balcells-Gorina, Alfonso,
Término de relación autor
245 #0 - TÍTULO DE MATERIAL BIBLIOGRÁFICO
Título La clínica y el laboratorio :
Título paralelo (interpretación de análisis y pruebas funcionales)
250 ## - EDICIÓN
Edición Cuarta edición corregida y aumentada
260 ## - CIUDAD, EDITORIAL, AÑO
Ciudad Barcelona :
Nombre de la Editorial Editorial Marín,
Año 1963
300 ## - DESCRIPCIÓN
N° Páginas xix, 466 páginas :
Otros detalles plegados, tablas ;
Dimensiones 20 cm.
650 ## - TEMAS
Temas Tecnología (Ciencias Aplicadas)
653 ## - DESCRIPTORES
Lenguajes no controlado Diagnóstico de laboratorio; Pruebas de laboratorio - Análisis
654 ## - PROGRAMAS
Programa Dpto. de Ciencias de la Salud
700 ## - OTROS AUTORES
Otros autores Soriano Jiménez, Máximo,
Títulos y otras palabras asociadas con el nombre Prologuista
856 ## - URL - UBICACIÓN
URI/URL: Enlace exacto del recurso <a href="https://www-clinicalkey-com.ucsp.lookproxy.com/student/content/toc/3-s2.0-C20220023722">https://www-clinicalkey-com.ucsp.lookproxy.com/student/content/toc/3-s2.0-C20220023722</a>
Nota pública: Versión digital <a href="Versión digital (Vigésimo cuarta edición)">Versión digital (Vigésimo cuarta edición)</a>
942 ## - ELEMENTOS DE KOHA
Tipo de documento Libro
Nombre del creador Justo Noguera
Código de catalogador Margarita Torres
Esquema de clasificación Dewey Decimal Classification
Existencias
Codigo completo Registro Colección Copia número Disponibilidad Tipo de préstamo Biblioteca Actual Procedencia (Biblioteca) Ubicacón Fecha Ingreso Tipo de Adquisición Date last seen Total checkouts Price effective from Tipo de Item Estado del Material Fuente de Clasificación Damaged status Withdrawn status
616.0756 B17 1085334 Universidad Católica San Pablo 1 Disponible Disponible Víctor Andrés Belaunde Víctor Andrés Belaunde Planta baja abierta 07/04/2026 Donación 07/04/2026   07/04/2026 Libro Bueno Dewey Decimal Classification